000 00561nam a2200181 i 4500
001 149832
003 ES-MaACL
005 20230906203258.0
007 t|
008 071024s1952 sp ||||1| spa d
100 1 _aVan der Meersch, Maxence.
_9113032
245 1 0 _aCuando enmudecen las sirenas /
_cpor Maxence Van der Meersch ; [traducción por Rosa S. de Naveira].
250 _a[1ª ed.].
260 _aBarcelona :
_bJosé Janés,
_c1952.
300 _a238 p. ;
_c20 cm.
700 1 _aNaveira, Rosa S. de.
_985223
852 _aES-MaACL
_jD-8359
_bR.32760
999 _c149832
_d149832